Optical Electronics (Record no. 294659)

MARC details
000 -LEADER
fixed length control field 00430nam a2200169Ia 4500
008 - FIXED-LENGTH DATA ELEMENTS--GENERAL INFORMATION
fixed length control field 230718s9999 xx 000 0 und d
041 ## - LANGUAGE CODE
Language code of text/sound track or separate title eng
082 ## - DEWEY DECIMAL CLASSIFICATION NUMBER
Classification number 621.38
Item number YAR
100 ## - MAIN ENTRY--PERSONAL NAME
Personal name Yariv A.
245 ## - TITLE STATEMENT
Title Optical Electronics
260 ## - PUBLICATION, DISTRIBUTION, ETC. (IMPRINT)
Date of publication, distribution, etc. 1991
Name of publisher, distributor, etc. Saunders College Publication
300 ## - PHYSICAL DESCRIPTION
Extent 711
Accompanying material [OBSOLETE, CAN/MARC] Ref 197 E (5864)
365 ## - TRADE PRICE
Currency code Rs.
Price amount 495.00
500 ## - GENERAL NOTE
Keywords 197 E
700 ## - ADDED ENTRY--PERSONAL NAME
Personal name Yariv A.
906 ## - LOCAL DATA ELEMENT F, LDF (RLIN)
d B:950804-Jan-1996
c ETC
b 74.25
Holdings
Withdrawn status Lost status Source of classification or shelving scheme Reference No Damaged status Not for loan Home library Current library Date acquired Vendor Budget Code Cost, normal purchase price Bill number Full call number Barcode Date last seen Discount Cost, replacement price Bill Date Koha item type Original Barcode
    Dewey Decimal Classification Ref 197 E (5864)   Reference Cummins College of Engineering for Women Pune Cummins College of Engineering for Women Pune 12/01/1996 Varma Book Distributors ETC 420.75 9508 621.38 CCEP-BK-5864 18/07/2023 74.25 495.00 04/01/1996 Books 005864